LDR 01138naa#a2200241#i#450# 001 EN\\bibl\119725 005 20260427115829.1 011 ## _a0235-2524 100 ## _a20260407b2026####ek#y0engy0150####ca 102 ## _aRU 200 1# _aThe condition of water accounting points on irrigation systems of the South and North Caucasus federal districts _eJournal article 210 1# _aMoscow _cANO Editorial Board Melioration and water management _d2026 215 ## _a4 с. 606 ## _aАгроинженерия. 35.03.06 _2local 608 ## _aJournal article _2local 675 ## _aГидротехническое строительство. Гидротехника в целом. 626/627 _z 686 ## _aЕстественнонаучные и технические основы сельского хозяйства. 40 _2bbk 686 ## _aОбщие вопросы. 5640 _2tbk 686 ## _aОросительные системы. 70.21 _2grnti 686 ## _aИспытания, измерения, контроль в водном хозяйстве. 70.81 _2grnti 700 #1 _aVaynberg _gM. V. 700 #1 _aShepelev _gA. Ye. 856 4# _amivh.editorum.ru _u